<?xml version="1.0" encoding="UTF-8"?>
<record
    xmlns:xsi="http://www.w3.org/2001/XMLSchema-instance"
    xsi:schemaLocation="http://www.loc.gov/MARC21/slim http://www.loc.gov/standards/marcxml/schema/MARC21slim.xsd"
    xmlns="http://www.loc.gov/MARC21/slim">

  <leader>00472nam a22001337a 4500</leader>
  <controlfield tag="008">190601b        xxu||||| |||| 00| 0 eng d</controlfield>
  <datafield tag="020" ind1=" " ind2=" ">
    <subfield code="a">977998515</subfield>
  </datafield>
  <datafield tag="082" ind1=" " ind2=" ">
    <subfield code="a">750</subfield>
    <subfield code="b">ES74j</subfield>
  </datafield>
  <datafield tag="100" ind1=" " ind2=" ">
    <subfield code="a">Esc&#xE1;mez Carrasco, Julio</subfield>
    <subfield code="9">7061</subfield>
  </datafield>
  <datafield tag="245" ind1=" " ind2=" ">
    <subfield code="a">Julio Esc&#xE1;mez: pintura, dibujo y grabados </subfield>
  </datafield>
  <datafield tag="260" ind1=" " ind2=" ">
    <subfield code="a">San Jos&#xE9;, Costa Rica</subfield>
    <subfield code="b">Nuestra Tierra</subfield>
    <subfield code="c">1996</subfield>
  </datafield>
  <datafield tag="300" ind1=" " ind2=" ">
    <subfield code="a">184 p.</subfield>
    <subfield code="b">il (col).</subfield>
    <subfield code="c">27 x 30 cm.</subfield>
  </datafield>
  <datafield tag="650" ind1=" " ind2=" ">
    <subfield code="2">Arte contempor&#xE1;neo</subfield>
    <subfield code="v">Arte - exhibiciones </subfield>
    <subfield code="x">Arte - pintura</subfield>
    <subfield code="z">Arte - Costa Rica</subfield>
    <subfield code="9">7062</subfield>
  </datafield>
  <datafield tag="999" ind1=" " ind2=" ">
    <subfield code="c">1797</subfield>
    <subfield code="d">1797</subfield>
  </datafield>
  <datafield tag="952" ind1=" " ind2=" ">
    <subfield code="0">0</subfield>
    <subfield code="1">0</subfield>
    <subfield code="2">ddc</subfield>
    <subfield code="4">0</subfield>
    <subfield code="7">0</subfield>
    <subfield code="a">LV</subfield>
    <subfield code="b">LV</subfield>
    <subfield code="c">Monograf&#xED;as</subfield>
    <subfield code="d">2019-06-01</subfield>
    <subfield code="l">0</subfield>
    <subfield code="o">750 ES74j</subfield>
    <subfield code="p">004790</subfield>
    <subfield code="r">2019-06-01 00:00:00</subfield>
    <subfield code="w">2019-06-01</subfield>
    <subfield code="y">01</subfield>
  </datafield>
</record>
